000 00622nam a2200193 i 4500
001 78457
003 ES-MaACL
007 t|
008 041014s1953 sp ||||1| spa d
100 1 _aHaggard, H. Rider.
_961455
245 1 0 _aElla /
_cHenry Rider Haggard ; traducción del inglés y notas de Federico G. Cuells ; nota preliminar de F. S. R.
260 _a[Madrid :
_bAguilar,
_c1953] (
_fOgrama)
300 _a443 p. :
_bretr. aut. ;
_c12 cm.
490 1 _aCrisol ;
_v376
700 1 _aCuells, Federico G.
_941992
830 0 _aCrisol ;
_v376
_9180848
852 _aES-MaACL
_jC-8572
_bR.51491
999 _c78457
_d78457